[Event "CAN-ch U1600"]
[Site "Kingston CAN"]
[Date "2022.04.17"]
[Round "7.73"]
[White "Hay, John"]
[Black "Harrson, Samuel"]
[Result "1-0"]
[WhiteElo "1174"]
[BlackElo "1133"]
[PlyCount "74"]
[EventDate "2022.04.13"]
[EventType "swiss"]
[EventRounds "9"]
[EventCountry "CAN"]

1. e4 c6 2. d4 d5 3. Nc3 dxe4 4. Nxe4 Nf6 5. Nc3 Bf5 6. Nf3 Nbd7 7. Bd3 Bg4 8.
Be2 e6 9. O-O Bd6 10. Be3 O-O 11. Re1 c5 12. Nb5 cxd4 13. Nbxd4 e5 14. Nb5 Bb4
15. c3 Ba5 16. Nxa7 e4 17. Nd2 Bxe2 18. Qxe2 Re8 19. Nb5 Nb6 20. b4 Qd7 21.
bxa5 Rxa5 22. Nd4 Nbd5 23. Rec1 Qc7 24. c4 Nxe3 25. Qxe3 Ng4 26. Qg3 Qd7 27.
N2b3 Rg5 28. h3 e3 29. hxg4 Rxg4 30. Qf3 exf2+ 31. Qxf2 Re5 32. Re1 Reg5 33.
Re2 h5 34. Qe3 Qc7 35. Nf3 Rg3 36. Qe8+ Kh7 37. Nxg5+ Rxg5 1-0

[Event "CAN-ch U1600"]
[Site "Kingston CAN"]
[Date "2022.04.17"]
[Round "8.61"]
[White "Mendes, Aaron Reeve"]
[Black "Jutras, Arnaud"]
[Result "1-0"]
[WhiteElo "1453"]
[BlackElo "1054"]
[PlyCount "61"]
[EventDate "2022.04.13"]
[EventType "swiss"]
[EventRounds "9"]
[EventCountry "CAN"]

1. e4 c6 2. c4 d5 3. cxd5 cxd5 4. exd5 Nf6 5. Nc3 Nxd5 6. Bc4 Nxc3 7. bxc3 Nc6
8. Nf3 e6 9. O-O Be7 10. d4 O-O 11. Re1 a6 12. Bf4 b5 13. Bd3 Bb7 14. Re3 Rc8
15. Ne5 Nxe5 16. Bxe5 Bf6 17. Bxh7+ Kxh7 18. Qh5+ Kg8 19. Rh3 Bh4 20. Rxh4 f6
21. Qh7+ Kf7 22. Rg4 Rg8 23. Qg6+ Kf8 24. Rf4 Bd5 25. Qh7 Rxc3 26. Re1 Bxa2 27.
h4 Bd5 28. h5 f5 29. Qg6 Qe7 30. Rxf5+ exf5 31. Bd6 1-0

[Event "CAN-ch U1600"]
[Site "Kingston CAN"]
[Date "2022.04.17"]
[Round "8.62"]
[White "Parakin, Don"]
[Black "Byl, Oliver"]
[Result "0-1"]
[WhiteElo "1342"]
[BlackElo "1425"]
[PlyCount "120"]
[EventDate "2022.04.13"]
[EventType "swiss"]
[EventRounds "9"]
[EventCountry "CAN"]

1. d4 d5 2. c4 c6 3. Nf3 Nf6 4. Nc3 dxc4 5. e4 b5 6. a4 b4 7. e5 Nd5 8. Ne4 e6
9. Bxc4 a5 10. Bg5 Qc7 11. O-O Nd7 12. Rc1 Qb8 13. Bh4 Ba6 14. Bg3 Qb7 15. Qd2
h6 16. Rfe1 Bxc4 17. Rxc4 N7b6 18. Rcc1 Nxa4 19. Nd6+ Bxd6 20. exd6 Nab6 21.
Qc2 O-O 22. Qxc6 Qxc6 23. Rxc6 a4 24. Ne5 Rfd8 25. Nd3 a3 26. bxa3 bxa3 27. Ra1
Kf8 28. d7 Rxd7 29. Bd6+ Kg8 30. Rxa3 Rxa3 31. Bxa3 Ra7 32. Bc1 Ra4 33. Be3 Nc4
34. Rc8+ Kh7 35. Bc1 Nd6 36. Nb2 Rxd4 37. Rc2 Kg6 38. g3 Kf5 39. Kg2 g5 40. h3
Ne4 41. Nc4 Nb4 42. Ne3+ Kg6 43. Rc4 Rxc4 44. Nxc4 Nd3 45. Be3 f5 46. Bd4 h5
47. Ne5+ Nxe5 48. Bxe5 g4 49. hxg4 fxg4 50. f3 Nd2 51. f4 Kf5 52. Bc7 Ke4 53.
Kf2 Kd3 54. Bb6 Ne4+ 55. Kg2 Ke2 56. Ba7 Nc3 57. Bb6 Nd5 58. Bd4 Ne3+ 59. Kg1
Kf3 60. Kh1 Nf5 0-1

[Event "CAN-ch U1600"]
[Site "Kingston CAN"]
[Date "2022.04.17"]
[Round "8.63"]
[White "Chen, Rae"]
[Black "Tseng, Elliot"]
[Result "1-0"]
[WhiteElo "1483"]
[BlackElo "1002"]
[PlyCount "43"]
[EventDate "2022.04.13"]
[EventType "swiss"]
[EventRounds "9"]
[EventCountry "CAN"]

1. e4 e5 2. Nc3 Nf6 3. f4 d5 4. fxe5 Nxe4 5. Qf3 f5 6. d4 Nc6 7. Bb5 Bb4 8.
Nge2 O-O 9. O-O a6 10. Ba4 Be6 11. Be3 Qd7 12. a3 Bxc3 13. bxc3 b5 14. Bb3 Ne7
15. Nf4 Nxc3 16. Nxe6 Qxe6 17. Bg5 Ne4 18. Bxe7 Qxe7 19. Bxd5+ Kh8 20. Bxa8
Rxa8 21. Qxf5 Nc3 22. Qf3 1-0

[Event "CAN-ch U1600"]
[Site "Kingston CAN"]
[Date "2022.04.17"]
[Round "8.64"]
[White "Gillanders, Robert"]
[Black "Beardall, Ben"]
[Result "0-1"]
[WhiteElo "1599"]
[BlackElo "1580"]
[PlyCount "108"]
[EventDate "2022.04.13"]
[EventType "swiss"]
[EventRounds "9"]
[EventCountry "CAN"]

1. d4 f5 2. g3 Nf6 3. Bg2 g6 4. c4 Bg7 5. Nc3 O-O 6. Nh3 d6 7. O-O c6 8. Qb3 e6
9. Bg5 h6 10. Bxf6 Bxf6 11. Rad1 d5 12. cxd5 cxd5 13. Nxd5 exd5 14. Bxd5+ Kg7
15. Bxb7 Bxb7 16. Qxb7+ Nd7 17. Nf4 Re8 18. d5 Qc8 19. Qxc8 Rexc8 20. Rd2 Rab8
21. b3 Rc3 22. Rfd1 Rbc8 23. Kg2 Kf7 24. e3 a5 25. d6 Rc2 26. Nd3 R8c6 27. Nf4
Rxd2 28. Rxd2 Be5 29. Nd3 Bxd6 30. Nb2 Nb6 31. Kf3 Bb4 32. Rd8 Rc2 33. Nd3 Rxa2
34. Rb8 Nd5 35. h3 Rd2 36. Ne5+ Kf6 37. Nd7+ Ke6 38. Nb6 Nxb6 39. Rxb6+ Rd6 40.
Rb8 Rd3 41. Rb6+ Kf7 42. Rb7+ Ke8 43. Rb8+ Kd7 44. Rb7+ Kc8 45. Rg7 g5 46. Rg6
Rxb3 47. Rxh6 a4 48. h4 gxh4 49. gxh4 a3 50. Ra6 Kb7 51. Ra4 Kb6 52. Kf4 Kb5
53. Ra8 Ba5 54. Rb8+ Ka4 0-1

[Event "CAN-ch U1600"]
[Site "Kingston CAN"]
[Date "2022.04.17"]
[Round "8.65"]
[White "Adam, Sebastien"]
[Black "Cowan, Ryan"]
[Result "0-1"]
[WhiteElo "1262"]
[BlackElo "1508"]
[PlyCount "64"]
[EventDate "2022.04.13"]
[EventType "swiss"]
[EventRounds "9"]
[EventCountry "CAN"]

1. e4 e5 2. Nf3 Nc6 3. Bc4 Bc5 4. b4 Bxb4 5. c3 Be7 6. d4 exd4 7. cxd4 d6 8.
Qb3 Na5 9. Qa4+ c6 10. O-O b5 11. Bxb5 cxb5 12. Qxb5+ Bd7 13. Qe2 Nc6 14. Nc3
Bg4 15. Qb5 Bd7 16. Qe2 Rc8 17. Nd5 Nf6 18. Nxf6+ Bxf6 19. e5 dxe5 20. d5 Ne7
21. Nxe5 O-O 22. d6 Nc6 23. Bb2 Nxe5 24. Bxe5 Bxe5 25. Qxe5 Re8 26. Qd4 Qb6 27.
Rad1 Qxd4 28. Rxd4 Red8 29. Rfd1 Be6 30. Ra4 Rd7 31. h3 Rcd8 32. a3 Bb3 0-1

[Event "CAN-ch U1600"]
[Site "Kingston CAN"]
[Date "2022.04.17"]
[Round "8.66"]
[White "Cowan, Michael"]
[Black "Mullur, Neerav"]
[Result "0-1"]
[WhiteElo "1000"]
[BlackElo "1312"]
[PlyCount "56"]
[EventDate "2022.04.13"]
[EventType "swiss"]
[EventRounds "9"]
[EventCountry "CAN"]

1. e4 e5 2. Nf3 Nc6 3. Bc4 Bc5 4. d3 Nf6 5. Bg5 O-O 6. Nc3 Be7 7. O-O d6 8. h3
Nh5 9. Bxe7 Qxe7 10. Nd5 Qd8 11. Nxe5 Nxe5 12. Qxh5 Nxc4 13. dxc4 f5 14. Qe2
fxe4 15. Qxe4 Rf7 16. Qe3 c6 17. Nb4 Bf5 18. c3 Qd7 19. Rad1 Re8 20. Qg3 Rf6
21. Kh1 Rg6 22. Qh2 Rh6 23. h4 Re4 24. g3 Bh3 25. Rfe1 Qg4 26. Rxe4 Qf3+ 27.
Kg1 Qxd1+ 28. Re1 Qxe1# 0-1

[Event "CAN-ch U1600"]
[Site "Kingston CAN"]
[Date "2022.04.17"]
[Round "8.67"]
[White "Dickson, Raymond"]
[Black "Li, Aiden"]
[Result "1-0"]
[WhiteElo "1561"]
[BlackElo "1367"]
[PlyCount "103"]
[EventDate "2022.04.13"]
[EventType "swiss"]
[EventRounds "9"]
[EventCountry "CAN"]

1. d4 d6 2. e4 Nd7 3. Bc4 Ngf6 4. Nc3 e5 5. Nf3 exd4 6. Nxd4 Nc5 7. O-O Be7 8.
Re1 Bg4 9. f3 Bh5 10. Bf4 Ncd7 11. Qd2 Ne5 12. Bb3 O-O 13. Nf5 Bxf3 14. Bxe5
dxe5 15. Qxd8 Bxd8 16. gxf3 g6 17. Nh6+ Kg7 18. Ng4 Nh5 19. Nxe5 Nf4 20. Rad1
Bf6 21. Nd7 Bxc3 22. bxc3 Rfd8 23. Kf2 g5 24. Ne5 f6 25. Nd3 Ng6 26. Nc5 Rxd1
27. Rxd1 b6 28. Ne6+ Kh8 29. Rd8+ Rxd8 30. Nxd8 Ne5 31. Nf7+ Kg7 32. Nxe5 fxe5
33. Kg3 b5 34. Kg4 Kg6 35. h4 h5+ 36. Kg3 c5 37. Be6 a5 38. hxg5 Kxg5 39. Bd7
b4 40. c4 h4+ 41. Kh3 Kf4 42. Kxh4 Kxf3 43. Bc6 Ke3 44. Kg5 Kd4 45. Kf6 Kc3 46.
Kxe5 Kb2 47. Ba4 Ka3 48. Bb3 a4 49. Kd5 axb3 50. axb3 Kb2 51. Kxc5 Kc3 52. e5
1-0

[Event "CAN-ch U1600"]
[Site "Kingston CAN"]
[Date "2022.04.17"]
[Round "8.68"]
[White "Paulsen, Lorenz"]
[Black "Narula, Japveer"]
[Result "0-1"]
[WhiteElo "1336"]
[BlackElo "1138"]
[PlyCount "54"]
[EventDate "2022.04.13"]
[EventType "swiss"]
[EventRounds "9"]
[EventCountry "CAN"]

1. d4 d5 2. c4 e5 3. dxe5 d4 4. e4 Bb4+ 5. Bd2 Bxd2+ 6. Nxd2 Nc6 7. Ngf3 Bg4 8.
h3 Bh5 9. Qa4 Nge7 10. Bd3 O-O 11. O-O Ng6 12. Bc2 Nf4 13. Bd1 Bxf3 14. Nxf3
Nd3 15. Qc2 Ndxe5 16. Nxe5 Nxe5 17. Be2 d3 18. Bxd3 Qxd3 19. Rac1 Qxc2 20. Rxc2
Rad8 21. f4 Nc6 22. b3 Rfe8 23. Re1 Nb4 24. Rce2 Nd3 25. Rf1 Rd4 26. Rf3 Nc1
27. Re1 Nxa2 0-1

[Event "CAN-ch U1600"]
[Site "Kingston CAN"]
[Date "2022.04.17"]
[Round "8.69"]
[White "Wen, Justin"]
[Black "Lim, Justin"]
[Result "0-1"]
[WhiteElo "1390"]
[BlackElo "1057"]
[PlyCount "50"]
[EventDate "2022.04.13"]
[EventType "swiss"]
[EventRounds "9"]
[EventCountry "CAN"]

1. c4 c5 2. Nf3 b6 3. g3 Bb7 4. Bg2 Nf6 5. O-O e6 6. Nc3 Be7 7. d3 O-O 8. e4 d6
9. Re1 Nbd7 10. e5 dxe5 11. Nxe5 Bxg2 12. Kxg2 Nxe5 13. Rxe5 Qc7 14. Bf4 Bd6
15. Nb5 Qb8 16. Nxd6 Qxd6 17. Rd5 Qc6 18. f3 exd5 19. Qc2 Rfe8 20. Kf2 dxc4 21.
Qxc4 Re6 22. b4 Rae8 23. a4 Re2+ 24. Kf1 Qxf3+ 25. Kg1 Qg2# 0-1

[Event "CAN-ch U1600"]
[Site "Kingston CAN"]
[Date "2022.04.17"]
[Round "8.70"]
[White "Sztuka, Jeremy"]
[Black "Gillis, Doug"]
[Result "1/2-1/2"]
[WhiteElo "1304"]
[BlackElo "1356"]
[PlyCount "56"]
[EventDate "2022.04.13"]
[EventType "swiss"]
[EventRounds "9"]
[EventCountry "CAN"]

1. b3 d5 2. Bb2 Bg4 3. Nf3 Nd7 4. e3 Ngf6 5. Be2 e6 6. O-O g6 7. h3 Bxf3 8.
Bxf3 Bg7 9. c4 c6 10. cxd5 cxd5 11. Ba3 Ne4 12. d4 Ndf6 13. Qe2 a6 14. Rc1 Rc8
15. Rc2 Bf8 16. Bxf8 Kxf8 17. Qd3 Kg7 18. Nc3 Nxc3 19. Rxc3 Qd7 20. Rac1 Rxc3
21. Rxc3 Rc8 22. Rc5 b6 23. Rc3 a5 24. Qc2 Rxc3 25. Qxc3 Kg8 26. b4 axb4 27.
Qxb4 Qc7 28. Kf1 Qc1+ 1/2-1/2

[Event "CAN-ch U1600"]
[Site "Kingston CAN"]
[Date "2022.04.17"]
[Round "8.71"]
[White "Samuel, Victor"]
[Black "Lan, Jerry"]
[Result "1-0"]
[WhiteElo "1557"]
[BlackElo "998"]
[PlyCount "81"]
[EventDate "2022.04.13"]
[EventType "swiss"]
[EventRounds "9"]
[EventCountry "CAN"]

1. d4 d5 2. Nf3 Nf6 3. g3 c5 4. Bg2 Nc6 5. c4 e6 6. O-O cxd4 7. Nxd4 Bc5 8. Nb3
Be7 9. cxd5 Nxd5 10. Bd2 O-O 11. Nc3 Nxc3 12. Bxc3 Bb4 13. Rc1 Bxc3 14. Rxc3
Qb6 15. Rd3 Rd8 16. Rxd8+ Nxd8 17. Qd3 e5 18. Rd1 Be6 19. Bd5 Bxd5 20. Qxd5 Nc6
21. e3 Rd8 22. Qf3 f6 23. Rxd8+ Qxd8 24. Qe2 Qd5 25. f3 h6 26. Qd2 Qxf3 27. Nc5
b6 28. Ne6 Ne7 29. Qd8+ Kf7 30. Nc7 Qxe3+ 31. Kf1 Qc1+ 32. Kg2 Qxb2+ 33. Kh3
Kg6 34. Qe8+ Kf5 35. Qxe7 Qxa2 36. Qd7+ Kg6 37. Qg4+ Kf7 38. Qd7+ Kg6 39. Ne6
f5 40. Qxg7+ Kh5 41. Qf7# 1-0

[Event "CAN-ch U1600"]
[Site "Kingston CAN"]
[Date "2022.04.17"]
[Round "8.72"]
[White "Mourgelas, James"]
[Black "Hay, John"]
[Result "1/2-1/2"]
[WhiteElo "1329"]
[BlackElo "1174"]
[PlyCount "74"]
[EventDate "2022.04.13"]
[EventType "swiss"]
[EventRounds "9"]
[EventCountry "CAN"]

1. e4 c5 2. Nf3 d6 3. d3 Nf6 4. g3 Nc6 5. c3 e6 6. Bg2 Rb8 7. O-O Be7 8. Re1 e5
9. Nbd2 O-O 10. Nf1 a6 11. h4 Bg4 12. N1h2 Qd7 13. Bd2 b5 14. Qc1 Bxf3 15. Nxf3
Nd8 16. Ng5 Ne6 17. Bh3 Rfe8 18. Kg2 Bd8 19. Rh1 Qe7 20. Nf3 Nf8 21. Bf5 g6 22.
Bh3 d5 23. Bg5 dxe4 24. dxe4 Qb7 25. Bxf6 Bxf6 26. Qe3 c4 27. Rad1 Rbd8 28. Kh2
Rxd1 29. Rxd1 Bg7 30. Ng1 Qc6 31. Bg2 Qc7 32. Qe2 Ne6 33. Bf1 Qb7 34. Qe3 Qc6
35. f3 h6 36. Nh3 Kh7 37. Be2 Rd8 1/2-1/2

[Event "CAN-ch U1600"]
[Site "Kingston CAN"]
[Date "2022.04.17"]
[Round "8.73"]
[White "Harrson, Samuel"]
[Black "Brown, Dante"]
[Result "1-0"]
[WhiteElo "1133"]
[BlackElo "999"]
[PlyCount "112"]
[EventDate "2022.04.13"]
[EventType "swiss"]
[EventRounds "9"]
[EventCountry "CAN"]

1. e4 c6 2. Nf3 d5 3. exd5 cxd5 4. d4 Nc6 5. c4 Bg4 6. Be2 e6 7. O-O Nf6 8. Bg5
h6 9. Bh4 Bd6 10. Nc3 Be7 11. cxd5 Nxd5 12. Bxe7 Ndxe7 13. Ne5 Bxe2 14. Qxe2
O-O 15. Rad1 Qb6 16. Nd7 Qb4 17. Nxf8 Kxf8 18. d5 Nd8 19. Qf3 exd5 20. Nxd5
Nxd5 21. Rxd5 Qxb2 22. Rfd1 Nc6 23. Rd7 Ne5 24. Rd8+ Rxd8 25. Rxd8+ Ke7 26. Qd5
Qc1+ 27. Qd1 Qc7 28. Rd2 Kf8 29. h3 Kg8 30. Qc2 Qxc2 31. Rxc2 Nc6 32. a4 Kf8
33. Kh2 Ke7 34. Rb2 b6 35. Kg3 Kd6 36. Rb5 g6 37. f4 Ke6 38. Kg4 f5+ 39. Kh4
Kd6 40. g4 fxg4 41. Kxg4 Ke6 42. h4 Kf6 43. h5 Ne7 44. a5 bxa5 45. Rxa5 gxh5+
46. Kxh5 Ng6 47. Ra6+ Kf5 48. Rxg6 Kxf4 49. Ra6 Ke4 50. Rxa7 Kd5 51. Kxh6 Kd4
52. Kg6 Ke4 53. Ra5 Kd4 54. Kf5 Kc4 55. Ke5 Kb4 56. Rd5 Kc4 1-0

[Event "CAN-ch U1600"]
[Site "Kingston CAN"]
[Date "2022.04.18"]
[Round "9.61"]
[White "Chen, Rae"]
[Black "Mendes, Aaron Reeve"]
[Result "0-1"]
[WhiteElo "1483"]
[BlackElo "1453"]
[PlyCount "62"]
[EventDate "2022.04.13"]
[EventType "swiss"]
[EventRounds "9"]
[EventCountry "CAN"]

1. e4 c5 2. c3 d5 3. exd5 Qxd5 4. Nf3 Nc6 5. Na3 Bg4 6. Nb5 O-O-O 7. Be2 e5 8.
c4 Qd7 9. O-O f5 10. Nxa7+ Nxa7 11. Nxe5 Bxe2 12. Qxe2 Qe6 13. b3 Bd6 14. Bb2
Nf6 15. d4 cxd4 16. Bxd4 Nc6 17. Bb2 Bxe5 18. Rfe1 Ne4 19. Bxe5 Nxe5 20. f3 Rd2
21. Qe3 Qg6 22. Re2 Rd3 23. Qa7 Nxf3+ 24. Kf1 Nxh2+ 25. Kg1 Nf3+ 26. Kf1 Ng3+
27. Kf2 Nxe2 28. gxf3 Qg3+ 29. Kf1 Rxf3+ 30. Kxe2 Qg2+ 31. Ke1 Rf1# 0-1

[Event "CAN-ch U1600"]
[Site "Kingston CAN"]
[Date "2022.04.18"]
[Round "9.62"]
[White "Cowan, Ryan"]
[Black "Byl, Oliver"]
[Result "1/2-1/2"]
[WhiteElo "1508"]
[BlackElo "1425"]
[PlyCount "95"]
[EventDate "2022.04.13"]
[EventType "swiss"]
[EventRounds "9"]
[EventCountry "CAN"]

1. e4 c6 2. d4 d5 3. exd5 cxd5 4. Nf3 Nc6 5. Bf4 Bg4 6. Be2 e6 7. c3 Nf6 8.
Nbd2 Qb6 9. Qb3 Qxb3 10. Nxb3 Ne4 11. Nbd2 Bf5 12. Nxe4 Bxe4 13. O-O Be7 14.
Bg3 O-O 15. Ne5 Nxe5 16. Bxe5 a6 17. c4 dxc4 18. Bxc4 Rac8 19. Rac1 Rc6 20. Bb3
Rfc8 21. Rxc6 Rxc6 22. f3 Bd5 23. Bxd5 exd5 24. Bf4 Bf6 25. Be5 Bd8 26. Re1 f6
27. Bf4 Bb6 28. Be3 Rc2 29. Kf1 Kf7 30. Re2 Rc4 31. b3 Rc3 32. Kf2 h5 33. h4 f5
34. g3 g6 35. Rd2 Ke6 36. Ke2 Kd7 37. Rd3 Rc2+ 38. Rd2 Rxd2+ 39. Kxd2 Kc6 40.
a4 Bc7 41. Bf2 b5 42. Kd3 Kb6 43. Be1 bxa4 44. bxa4 Bd6 45. Ke3 Bc7 46. Kd3 Bd6
47. Ke3 Bc7 48. Kd3 1/2-1/2

[Event "CAN-ch U1600"]
[Site "Kingston CAN"]
[Date "2022.04.18"]
[Round "9.63"]
[White "Mullur, Neerav"]
[Black "Tseng, Elliot"]
[Result "0-1"]
[WhiteElo "1312"]
[BlackElo "1002"]
[PlyCount "48"]
[EventDate "2022.04.13"]
[EventType "swiss"]
[EventRounds "9"]
[EventCountry "CAN"]

1. e4 e5 2. Nf3 Nc6 3. Bc4 Nf6 4. d4 exd4 5. e5 d5 6. Bb5 Ne4 7. Nxd4 Bd7 8.
Bxc6 bxc6 9. O-O Bc5 10. Be3 O-O 11. Qc1 f6 12. f4 fxe5 13. fxe5 Qe7 14. Nf3
Bg4 15. Kh1 Bxf3 16. gxf3 Bxe3 17. Qxe3 Qxe5 18. f4 Qxb2 19. Nd2 Qxc2 20. Nf3
Qc3 21. Qg1 Rxf4 22. Ng5 Qf6 23. Rxf4 Qxf4 24. h4 Qxh4+ 0-1

[Event "CAN-ch U1600"]
[Site "Kingston CAN"]
[Date "2022.04.18"]
[Round "9.64"]
[White "Beardall, Ben"]
[Black "Parakin, Don"]
[Result "1-0"]
[WhiteElo "1580"]
[BlackElo "1342"]
[PlyCount "57"]
[EventDate "2022.04.13"]
[EventType "swiss"]
[EventRounds "9"]
[EventCountry "CAN"]

1. e4 c6 2. d4 d5 3. f3 dxe4 4. fxe4 Nf6 5. e5 Nd5 6. c4 Nb6 7. Be3 Bf5 8. Nf3
e6 9. Nc3 Be7 10. Be2 O-O 11. O-O Qc7 12. a4 a5 13. Qe1 Na6 14. Nh4 Bg6 15.
Nxg6 fxg6 16. Qg3 Nb4 17. Bg4 Nc2 18. Bxe6+ Kh8 19. Rac1 Nxe3 20. Qxe3 h6 21.
Qe4 g5 22. Qg6 c5 23. Bf5 Rxf5 24. Rxf5 cxd4 25. Nb5 Qc5 26. e6 Qc8 27. Rf7 Bf6
28. Rxf6 gxf6 29. Nd6 1-0

[Event "CAN-ch U1600"]
[Site "Kingston CAN"]
[Date "2022.04.18"]
[Round "9.65"]
[White "Narula, Japveer"]
[Black "Gillanders, Robert"]
[Result "0-1"]
[WhiteElo "1138"]
[BlackElo "1599"]
[PlyCount "88"]
[EventDate "2022.04.13"]
[EventType "swiss"]
[EventRounds "9"]
[EventCountry "CAN"]

1. e4 c5 2. Nf3 Nc6 3. d4 cxd4 4. Nxd4 g6 5. Nc3 Bg7 6. Be3 Nf6 7. Be2 O-O 8.
f3 d6 9. Qd2 Re8 10. g4 a6 11. h4 Ne5 12. h5 b5 13. hxg6 fxg6 14. Bh6 Bh8 15.
g5 Nh5 16. f4 Nc4 17. Bxc4+ bxc4 18. Nc6 Qd7 19. Nxe7+ Qxe7 20. f5 Bxf5 21.
O-O-O Be6 22. Rhf1 Be5 23. Nd5 Qb7 24. c3 Bxd5 25. exd5 Qe7 26. Rde1 Bf4 27.
Rxf4 Qxe1+ 28. Qxe1 Rxe1+ 29. Kd2 Nxf4 30. Kxe1 Nxd5 31. Kd2 Re8 32. Kc2 Re2+
33. Kd1 Rxb2 34. a4 Nxc3+ 35. Kc1 Nxa4 36. Kd1 c3 37. Bg7 Rd2+ 38. Kc1 Rg2 39.
Kb1 c2+ 40. Kc1 Rxg5 41. Bf6 Rc5 42. Bd4 Rc4 43. Be3 Nc5 44. Bd2 Nd3# 0-1

[Event "CAN-ch U1600"]
[Site "Kingston CAN"]
[Date "2022.04.18"]
[Round "9.66"]
[White "Jutras, Arnaud"]
[Black "Dickson, Raymond"]
[Result "1/2-1/2"]
[WhiteElo "1054"]
[BlackElo "1561"]
[PlyCount "55"]
[EventDate "2022.04.13"]
[EventType "swiss"]
[EventRounds "9"]
[EventCountry "CAN"]

1. c4 e6 2. Nf3 d5 3. d4 Nf6 4. g3 Be7 5. Bg2 O-O 6. O-O Ne4 7. Nbd2 f5 8. e3
Nd7 9. b3 Ndf6 10. Bb2 c6 11. Rc1 Qe8 12. Ne5 Nxd2 13. Qxd2 Ne4 14. Qe2 Bd7 15.
c5 Bf6 16. f4 Bxe5 17. fxe5 g5 18. Bxe4 dxe4 19. Rf2 Qg6 20. Rcf1 g4 21. Ba3
Rf7 22. b4 a6 23. Bb2 h5 24. a4 Rh7 25. a5 h4 26. Rg2 h3 27. Rgf2 Rf7 28. Rf4
1/2-1/2

[Event "CAN-ch U1600"]
[Site "Kingston CAN"]
[Date "2022.04.18"]
[Round "9.67"]
[White "Lim, Justin"]
[Black "Cowan, Michael"]
[Result "1-0"]
[WhiteElo "1057"]
[BlackElo "1000"]
[PlyCount "101"]
[EventDate "2022.04.13"]
[EventType "swiss"]
[EventRounds "9"]
[EventCountry "CAN"]

1. e4 e5 2. Nf3 Nc6 3. Bb5 d6 4. O-O Be7 5. c3 Nf6 6. Re1 Bd7 7. d4 exd4 8.
cxd4 O-O 9. h3 d5 10. e5 Ne4 11. Nc3 Bb4 12. Qc2 Nxe5 13. dxe5 Bxb5 14. Nxb5
Bxe1 15. Nxe1 a6 16. Nc3 Nxc3 17. Qxc3 c6 18. Qg3 Kh8 19. Nf3 h6 20. Qh4 Qxh4
21. Nxh4 Rfe8 22. Nf3 Rad8 23. Be3 Kh7 24. Kf1 Kg6 25. g4 f6 26. Nh4+ Kf7 27.
exf6 Kxf6 28. Re1 Kf7 29. Bd4 Rxe1+ 30. Kxe1 Re8+ 31. Kd2 Rc8 32. Nf5 Rg8 33.
Nd6+ Kg6 34. f4 Rb8 35. Bb6 Kf6 36. Bc7 Rg8 37. Nxb7 g5 38. Be5+ Kg6 39. Nc5
gxf4 40. Bxf4 Rf8 41. Nd3 Kh7 42. Kc3 c5 43. Bd6 Rf3 44. Bxc5 Rxh3 45. Kd4 Rh2
46. Ba3 Kg6 47. Kxd5 Rd2 48. Ke4 Kg5 49. Ke3 Rg2 50. Nf2 Rg1 51. Nh3+ 1-0

[Event "CAN-ch U1600"]
[Site "Kingston CAN"]
[Date "2022.04.18"]
[Round "9.68"]
[White "Li, Aiden"]
[Black "Adam, Sebastien"]
[Result "1-0"]
[WhiteElo "1367"]
[BlackElo "1262"]
[PlyCount "62"]
[EventDate "2022.04.13"]
[EventType "swiss"]
[EventRounds "9"]
[EventCountry "CAN"]

1. c4 c5 2. g3 Nc6 3. Bg2 Nf6 4. Nc3 e6 5. e3 d5 6. cxd5 exd5 7. d4 cxd4 8.
exd4 Bb4 9. Nge2 O-O 10. O-O Be6 11. Bg5 Be7 12. Qb3 h6 13. Be3 Na5 14. Qc2 Qd7
15. Nf4 Bf5 16. Qe2 Be6 17. Nxe6 Qxe6 18. Rfe1 Nc6 19. Qb5 Bb4 20. Bxh6 Ne4 21.
Bxe4 dxe4 22. Be3 Bxc3 23. bxc3 Qc8 24. Rab1 b6 25. Bd2 Re8 26. Qd5 Qe6 27.
Qxe6 Rxe6 28. d5 Rd6 29. c4 Nd4 30. Bf4 Rd7 31. Rxe4 Nf3+ 1-0

[Event "CAN-ch U1600"]
[Site "Kingston CAN"]
[Date "2022.04.18"]
[Round "9.69"]
[White "Gillis, Doug"]
[Black "Samuel, Victor"]
[Result "1/2-1/2"]
[WhiteElo "1356"]
[BlackElo "1557"]
[PlyCount "54"]
[EventDate "2022.04.13"]
[EventType "swiss"]
[EventRounds "9"]
[EventCountry "CAN"]

1. b3 d5 2. Bb2 Bg4 3. h3 Bh5 4. Nf3 Bxf3 5. exf3 Nd7 6. d4 e6 7. f4 h5 8. Bd3
Bd6 9. Qf3 g6 10. O-O Qh4 11. Nc3 Qxf4 12. Qxf4 Bxf4 13. g3 Bg5 14. Nb5 Bd8 15.
Rae1 a6 16. Nc3 c6 17. Ne2 Bc7 18. Kg2 O-O-O 19. Ng1 Bd6 20. Nf3 Be7 21. Ne5
Nxe5 22. dxe5 d4 23. Re4 Bc5 24. Re2 Ne7 25. Be4 Nf5 26. Rd1 Ne7 27. Red2 Nf5
1/2-1/2

[Event "CAN-ch U1600"]
[Site "Kingston CAN"]
[Date "2022.04.18"]
[Round "9.70"]
[White "Sztuka, Jeremy"]
[Black "Mourgelas, James"]
[Result "1-0"]
[WhiteElo "1304"]
[BlackElo "1329"]
[PlyCount "65"]
[EventDate "2022.04.13"]
[EventType "swiss"]
[EventRounds "9"]
[EventCountry "CAN"]

1. b3 e5 2. Bb2 Nc6 3. e3 d5 4. Bb5 Bd6 5. f4 Qe7 6. Nf3 Bg4 7. Bxc6+ bxc6 8.
fxe5 Bxe5 9. Bxe5 Bxf3 10. Qxf3 Qxe5 11. Nc3 Nf6 12. O-O O-O 13. Qf4 Qe7 14.
Rf3 Rae8 15. Raf1 Qe5 16. Qh4 Ne4 17. Nxe4 Qxe4 18. Qxe4 Rxe4 19. Rf4 a5 20.
Rxe4 dxe4 21. Rf5 Ra8 22. Re5 Rd8 23. Rxe4 f6 24. Rd4 Rxd4 25. exd4 Kf7 26. Kf2
Ke6 27. Ke3 g5 28. a4 c5 29. dxc5 Kd5 30. d4 f5 31. c3 h5 32. b4 axb4 33. cxb4
1-0

[Event "CAN-ch U1600"]
[Site "Kingston CAN"]
[Date "2022.04.18"]
[Round "9.71"]
[White "Hay, John"]
[Black "Paulsen, Lorenz"]
[Result "0-1"]
[WhiteElo "1174"]
[BlackElo "1336"]
[PlyCount "65"]
[EventDate "2022.04.13"]
[EventType "swiss"]
[EventRounds "9"]
[EventCountry "CAN"]

1. e4 c5 2. c3 Nc6 3. d4 cxd4 4. cxd4 e6 5. a3 d6 6. Nc3 Nf6 7. f3 Be7 8. Be3
O-O 9. Bd3 a6 10. Nge2 b5 11. O-O Bb7 12. b4 Qc7 13. Rc1 d5 14. e5 Ne8 15. Qc2
g6 16. Bh6 Ng7 17. Be3 Rac8 18. Qb1 Qd8 19. Nd1 f6 20. f4 fxe5 21. fxe5 Rxf1+
22. Kxf1 Bg5 23. Bxg5 Qxg5 24. Kg1 Rf8 25. h3 Nf5 26. Bxf5 Rxf5 27. Qb3 Rf7 28.
Ne3 Rf3 29. Rc3 Rxh3 30. Kf2 Qh4+ 31. Ng3 Rxg3 32. Ke2 Nxd4+ 33. Kd2 0-1

[Event "CAN-ch U1600"]
[Site "Kingston CAN"]
[Date "2022.04.18"]
[Round "9.72"]
[White "Wen, Justin"]
[Black "Brown, Dante"]
[Result "1-0"]
[WhiteElo "1390"]
[BlackElo "999"]
[PlyCount "63"]
[EventDate "2022.04.13"]
[EventType "swiss"]
[EventRounds "9"]
[EventCountry "CAN"]

1. e4 c6 2. d4 d5 3. e5 c5 4. c3 Nc6 5. Nf3 Bg4 6. Be2 e6 7. h3 Bxf3 8. Bxf3
Nge7 9. Bg5 Qb6 10. dxc5 Qxb2 11. Nd2 Qxc3 12. Rb1 Qxe5+ 13. Be3 Qc7 14. Nb3
Nf5 15. O-O Nxe3 16. fxe3 Ne5 17. Qd4 Nxf3+ 18. Rxf3 Rc8 19. Rbf1 f6 20. Rb1
Be7 21. Kh1 O-O 22. e4 Rfd8 23. exd5 Rxd5 24. Qe3 e5 25. Qe4 Rcd8 26. Kh2 Qc6
27. Rc1 Rd1 28. Qc4+ Kh8 29. Rxd1 Rxd1 30. Qf7 Qc7 31. Qe8+ Bf8 32. Qxf8# 1-0

[Event "CAN-ch U1600"]
[Site "Kingston CAN"]
[Date "2022.04.18"]
[Round "9.73"]
[White "Lan, Jerry"]
[Black "Harrson, Samuel"]
[Result "1-0"]
[WhiteElo "998"]
[BlackElo "1133"]
[PlyCount "101"]
[EventDate "2022.04.13"]
[EventType "swiss"]
[EventRounds "9"]
[EventCountry "CAN"]

1. c4 e5 2. g3 Nf6 3. Bg2 c6 4. Nc3 Bb4 5. a3 Bxc3 6. dxc3 O-O 7. Nf3 e4 8. Nd2
Re8 9. O-O d5 10. cxd5 cxd5 11. Nb3 Be6 12. Nc5 Bf5 13. Bg5 Nbd7 14. Nxd7 Bxd7
15. Bxf6 Qxf6 16. Qxd5 Bc6 17. Qd4 Qd8 18. Rad1 Qc7 19. Qc5 g6 20. Rd4 Qe5 21.
Qxe5 Rxe5 22. Rfd1 Rae8 23. e3 a5 24. Rd8 a4 25. Bh3 Kg7 26. Rxe8 Bxe8 27. Bd7
Bxd7 28. Rxd7 b6 29. Ra7 b5 30. Ra5 Rc5 31. Kf1 Kf6 32. c4 Rxc4 33. Rxb5 h5 34.
Rb6+ Kf5 35. Rb7 f6 36. h3 g5 37. Ke2 g4 38. h4 Kg6 39. Rb4 Rc2+ 40. Ke1 f5 41.
Rxa4 Rxb2 42. Ra6+ Kg7 43. a4 Kf7 44. a5 Kg7 45. Rb6 Ra2 46. a6 Kh7 47. Rb7+
Kg6 48. a7 Kh6 49. Kd1 Ra3 50. Kc2 Kg6 51. Kb2 1-0